000 00469nam a2200193 a 4500
001 1758522272797
003 ACL
005 20250922115631.0
008 250922s2007##################000#0#eng##
020 _a9780736057806
082 0 4 _a796.01
_bJOW
100 1 _aJowett, Sophia,
_eauthor.
245 1 0 _aSocial Psychology in Sport :
260 _bHuman Kinetics,
_c2007.
300 _a376 pages
650 0 _aMedical.
942 _cENGLISH
040 _aACL
_beng
_cACL
999 _c588758
_d588758